Portréty a studie /

Hlavní autor: Jirát, Vojtěch, 1902-1945
Další autoři: Čermák, Josef, 1928-2020
Jazyk: Čeština
Vydáno: Praha : Odeon, 1978
Vydání: 1. vyd. v tomto uspoř.
Témata:
Externí odkaz: Digitalizovaný dokument
Fyzický popis: 685 s., [8] s. obr. příl. : il., portréty, faksim. ; 21 cm
Knihy
Uloženo v:
LEADER 01618nam a22003612a 4500
001 000037060
003 CZ BrMZK
005 20250930084100.0
007 ta
008 951201s1978 xr acfhf 001 0 cze d
015 |a cnb000121895 
035 |a (OCoLC)4906789 
040 |a BOA001  |b cze 
041 1 |a cze  |h ger  |h fre 
100 1 |a Jirát, Vojtěch,  |d 1902-1945  |7 jk01051858  |4 aut 
245 1 0 |a Portréty a studie /  |c Vojtěch Jirát ; výbor uspořádal a doslov napsal Josef Čermák 
250 |a 1. vyd. v tomto uspoř. 
260 |a Praha :  |b Odeon,  |c 1978 
300 |a 685 s., [8] s. obr. příl. :  |b il., portréty, faksim. ;  |c 21 cm 
500 |a Část. přeloženo z němčiny a francouzštiny 
500 |a 1200 výt. 
504 |a Obsahuje bibliografii, bibliografické odkazy a rejstříky 
700 1 |a Čermák, Josef,  |d 1928-2020  |7 jk01021331  |4 edt  |4 waw 
856 4 1 |u http://www.digitalniknihovna.cz/mzk/uuid/uuid:7ee39ee0-4c2e-11e3-ad8c-005056827e52  |y Digitalizovaný dokument  |x NDK 
910 |a BOA001  |b PK-0083.447  |b 2-0793.282 
920 |a 000103705 
964 |a Literatura česká - studie - sborníky 
964 |a Literatura německá - studie - sborníky 
990 |a BK 
996 7 |b 2619996885  |c 2-0793.282  |l MZK  |r Sklad / do 1 hodiny  |n 48  |w 000037060  |u 000020  |a 1  |e BOA001  |j MZK50  |s A 
996 6 |b 2619997892  |c 2-0793.282  |l MZK  |r Sklad / do 1 hodiny  |n 27  |w 000037060  |u 000040  |a 1  |e BOA001  |j MZK50  |s P 
996 7 |b 2619998835  |c 2-0793.282  |l MZK  |r Sklad / do 1 hodiny  |n 59  |w 000037060  |u 000030  |a 1  |e BOA001  |j MZK50  |s A 
996 7 |b 3119997365  |c PK-0083.447  |l MZK  |r Sklad / do 1 hodiny  |n 63  |w 000037060  |u 000010  |a 1  |e BOA001  |j MZK50  |s A